World War I : (Record no. 14151)
[ view plain ]
| 000 -LEADER | |
|---|---|
| fixed length control field | 00661nam a2200229 a 4500 |
| 001 - CONTROL NUMBER | |
| JCCL Control Number | 14151 |
| 003 - CONTROL NUMBER IDENTIFIER | |
| JCCL marc code | BD-JhCC |
| 005 - DATE AND TIME OF LATEST TRANSACTION | |
| control field | 20250203121804.0 |
| 008 - FIXED-LENGTH DATA ELEMENTS--GENERAL INFORMATION | |
| fixed length control field | 250203b20142018e a|||| ||a| 001 0 eng d |
| 020 ## - INTERNATIONAL STANDARD BOOK NUMBER | |
| International Standard Book Number | 9780241317655 |
| 035 ## - SYSTEM CONTROL NUMBER | |
| system control number | (BD-JhCC)14151 |
| 040 ## - CATALOGING SOURCE | |
| Original cataloging agency | BD-JhCC |
| Modifying agency | BD-JhCC |
| 041 ## - LANGUAGE CODE | |
| Language code of Book | english |
| 082 ## - DEWEY DECIMAL CLASSIFICATION NUMBER | |
| Classification number | 940.32 |
| Author mark and Year | GRA 2018 |
| 100 ## - MAIN ENTRY--PERSONAL NAME | |
| Personal name | Grant,R. G. |
| 245 ## - TITLE STATEMENT | |
| Title | World War I : |
| Remainder of title | the definitive visual guide / |
| Statement of responsibility, etc | R. G. Grant . |
| 260 ## - PUBLICATION, DISTRIBUTION, ETC. (IMPRINT) | |
| Place of publication, distribution, etc | London: |
| Name of publisher, distributor, etc | Dorling Kindersley; |
| Date of publication, distribution, etc | 2018. |
| 300 ## - PHYSICAL DESCRIPTION | |
| Pagination | 372 p. : |
| Other physical details | ill; |
| Dimensions | 31 cm. |
| 600 ## - SUBJECT ADDED ENTRY--PERSONAL NAME | |
| Personal name | History and Tradition |
| Titles and other words associated with a name | World War, 1914-1918 |
| General subdivision | 1914-1918 |
| Geographic subdivision | Military campaigns |
| 942 ## - ADDED ENTRY ELEMENTS (KOHA) | |
| Source of classification or shelving scheme | Dewey Decimal Classification |
| Koha item type | Books |
| Source of classification or shelving scheme | Damaged status | Not for loan | Home library | Current library | Shelving location | Date of accession | Cost, normal purchase price | Full call number | Barcode | Date last seen | Copy number | Method of acquisition | Koha item type | Currency |
|---|---|---|---|---|---|---|---|---|---|---|---|---|---|---|
| Dewey Decimal Classification | JCC Rouf Library | JCC Rouf Library | General Stacks | 4000.00 | 940.32 GRA 2018 | 20043 | 02/03/2025 | C-1 | Exchange | Reference | BDT |